zpět

Detail výsledku týmu

U Komína speciál, Šternberk

Datum a čas kvízu

40 Celkem bodů Celkový počet nahraných bodů na tomto kvízu bez doplňovacích otázek.
2. Pořadí na kvízu Konečné umístění týmu na tomto kvízu.

Zaznamenané odpovědi

# Otázka Odpověď Body Výsledky
1. Jak jinak začít tento speciál,... 1
2. Dle monologu vypravěčky na zač... 1
3. U zrodu Prstenů moci stáli elf... 0
4. Jeden prsten vládne všem, Jede... 0
5. Kdo byl v době, kterou popisuj... 1
6. Ve filmovém zpracování se již... 0.5
7. Kolikáté narozeniny slavil Bil... 1
8. Na velkolepé oslavě svých naro... 1
9. Kolik Nazgûlů zaútočilo na Fro... 1
10. Seřaďte členy Společenstva od... 0